Obálka Náhled e-knihy:
PDF Epub
Pro půjčování e-knih musíte být přihlášeni.
Jak si půjčit online?

Percy Jackson: Percy a egyptskí mágovia /

Prvé stretnutie Percyho Jacksona, Annabeth Chaseovej a súrodencov Kaneovcov zrejme nebolo náhodné a nemohlo sa zaobísť bez toho, aby príšery útočili zo všetkých strán. Mladí hrdinovia sa však nebezpečenstvu dokážu postaviť, veď už neraz zvíťazili nad chaosom. Lenže tentoraz zbrane z božského bronzu...

Celý popis

Uloženo v:
Hlavní autor: Riordan, Rick (Autor)
Médium: E-kniha
Jazyk:Czech
Vydáno: Praha : Albatros Media Slovakia s.r.o., 2025
Tagy:
Žádné tagy
LEADER 01643nam a22002297i 4500
001 302700
007 ta
008 260514s2025 xr ||||| |||| 00| 0 cze d
020 |a 9788056647141 
044 |a xr 
100 1 |a  Riordan, Rick  |4 aut 
245 1 0 |a Percy Jackson: Percy a egyptskí mágovia /  |c  Riordan, Rick 
240 1 0 |a Demigods & Magicians: Percy and Annabeth Meet the Kanes (Percy Jackson & Kane Chronicles Crossover # 
264 1 |a Praha :  |b Albatros Media Slovakia s.r.o.,  |c 2025 
300 |a 1 online zdroj (192 stran) 
336 |a text  |b txt  |2 rdacontent 
337 |a bez média  |b n  |2 rdamedia 
338 |a online zdroj  |b cr  |2 rdacarrier 
520 2 |a Prvé stretnutie Percyho Jacksona, Annabeth Chaseovej a súrodencov Kaneovcov zrejme nebolo náhodné a nemohlo sa zaobísť bez toho, aby príšery útočili zo všetkých strán. Mladí hrdinovia sa však nebezpečenstvu dokážu postaviť, veď už neraz zvíťazili nad chaosom. Lenže tentoraz zbrane z božského bronzu a magické hieroglyfy na víťazstvo zrejme stačiť nebudú. Ak chcú poraziť dávneho nepriateľa, ktorý majstrovsky kombinuje grécku a egyptskú mágiu, budú musieť vynaložiť všetky svoje sily a spolupracovať... 
910 |a RBIT002 
998 |d 426957  |a https://core.palmknihy.cz/api/books/426957/cover?tesgi2  |b https://core.palmknihy.cz/api/books/426957/cover/400?tesgi2  |c https://core.palmknihy.cz/api/books/426957/cover/50?tesgi2  |e 2029-07-11  |g 192  |i 9788056647141  |j https://core.palmknihy.cz/api/books/426957/preview.epub  |k https://core.palmknihy.cz/api/books/426957/preview.pdf  |l   |q 49  |r 1  |s https://www.palmknihy.cz/kniha/426957  |t ebook  |y 2025  |z 1 
999 |d 302698